20 Islands Everyone Should Know - Statistics

General Stats
  • This quiz has been taken 130 times
  • The average score is 17 of 20
Answer Stats
Hint Island % Correct
Large overseas territory of Denmark Greenland
97%
Island country just off the Indian coast Sri Lanka
95%
Biggest European island Great Britain
92%
Its return to China in 1997 marked the end of the British Empire Hong Kong
92%
Main island of Japan Honshu
92%
Northernmost island Country in the World Iceland
92%
Large island East of mainland Africa Madagascar
92%
China still claims this island country Taiwan
92%
Island state of Australia with Hobart as its capital Tasmania
92%
Its nearness to the US almost caused nuclear warfare during the Cold War Cuba
90%
Densely populated city state in South East Asia Singapore
90%
New York borough home to Central Park and the World Trade Centre Manhattan
89%
Biggest island in the Mediterranean Sicily
89%
3 countries share this island Borneo
86%
Second most populated European island Ireland
85%
Most populated island in the World Java
84%
Is home to New Zealand's capital and biggest city North Island
82%
Largest island in Canada Baffin Island
71%
Province in Canada Prince Edward Island
69%
Second largest island in the world New Guinea
56%
No matching quizzes found
Score Distribution
Percent of People with Each Score
Percentile by Number Answered
Your Score History
You have not taken this quiz